Applied Psychology for Nurses (Record no. 1356)
[ view plain ]
| 000 -LEADER | |
|---|---|
| Fixed length control field | 00481nam a2200193Ia 4500 |
| 003 - CONTROL NUMBER IDENTIFIER | |
| Control field | IIN |
| 005 - DATE AND TIME OF LATEST TRANSACTION | |
| Control field | 20240201130545.0 |
| 008 - FIXED-LENGTH DATA ELEMENTS--GENERAL INFORMATION | |
| Fixed length control field | 231217s9999 xx 000 0 und d |
| 020 ## - INTERNATIONAL STANDARD BOOK NUMBER / ISBN | |
| Price | Rs.595.00 |
| International Standard Book Number | 9789354654930 |
| 040 ## - CATALOGING SOURCE | |
| Original cataloging agency | IIN |
| Language of cataloging | English |
| 082 ## - DEWEY DECIMAL CLASSIFICATION NUMBER | |
| Classification number | 150.2461073 |
| Book Number | SRE |
| 100 1# - MAIN ENTRY--PERSONAL NAME | |
| Personal name | Sreevani, R. |
| 245 #2 - TITLE STATEMENT | |
| Title | Applied Psychology for Nurses |
| Statement of responsibility | R. Sreevani |
| 250 ## - EDITION STATEMENT | |
| Edition statement | 4th ed |
| 260 ## - IMPRINT | |
| Name of publisher | Jaypee |
| Place of publication | New Delhi |
| Date of publication | 2022 |
| 300 ## - PHYSICAL DESCRIPTION | |
| Page / Vol. No | xxii,261p. |
| 650 1# - SUBJECT ADDED ENTRY--TOPICAL TERM | |
| Topical term | Psychology |
| 942 ## - ADDED ENTRY ELEMENTS (KOHA) | |
| Koha item type | Books |
| Withdrawn status | Lost status | Damaged status | Not for loan | Collection code | Home library | Current library | Date acquired | Price | Total Checkouts | Call number | Accession number | Date last seen | Price effective from | Koha item type | Date checked out |
|---|---|---|---|---|---|---|---|---|---|---|---|---|---|---|---|
| IDEAL INSTITUTE OF NURSING | IDEAL INSTITUTE OF NURSING | 17/12/2023 | 595.00 | 150.2461073 SRE | 1350 | 17/12/2023 | 17/12/2023 | Books | |||||||
| IDEAL INSTITUTE OF NURSING | IDEAL INSTITUTE OF NURSING | 17/12/2023 | 595.00 | 1 | 150.2461073 SRE | 1351 | 09/04/2025 | 17/12/2023 | Books | 16/12/2024 | |||||
| IDEAL INSTITUTE OF NURSING | IDEAL INSTITUTE OF NURSING | 17/12/2023 | 595.00 | 150.2461073 SRE | 1352 | 17/12/2023 | 17/12/2023 | Books |
